000 00618nam a2200229 i 4500
001 C2-0344649
003 PPAK
005 20180728145413.0
008 180110s2014 ii |||| ||||| | tam d
040 _aPPAK
_beng
_cPPAK
_erda
082 0 4 _a894.8113
_223
090 0 0 _a894.8113
_bRVS
_dG
245 0 0 _aRV sirukathaigal (Volume 2)
264 1 _aChennai, India :
_bNivethitha Pathippagam ,
_c2014
300 _a335 pages ;
_c21 cm
336 _2rdacontent
_atext
337 _2rdamedia
_aunmediated
338 _2rdacarrier
_avolume
650 1 0 _aTamil fiction.
700 0 _aMayuran,
_ecompile
942 _ddc
_cB
999 _c141218
_d141218